Loading...

Statistics for healthcare professionals :

This book introduces you to the basic rules and principles of statistics and shows you how straightforward statistical tests can be performed and analysed in relation to healthcare. Key features of the text are: -Examples which show how statistics are used in the real world -Exercises to test your u...

Full description

Bibliographic Details
Main Author: Scott, Ian
Other Authors: Mazhindu, Debbie
Format: Printed Book
Published: Los Angeles Sage 2014
Edition:Second edition.
Subjects:
LEADER 01338nam a2200301 4500
020 |a 9781446208922 
020 |a 1446208923 
020 |a 9781446208939 
020 |a 1446208931 
082 0 4 |a 519.502461 
100 1 |a Scott, Ian, 
245 1 0 |a Statistics for healthcare professionals : 
250 |a Second edition. 
260 |a Los Angeles  |b Sage  |c 2014 
300 |a 244 pages : 
520 |a This book introduces you to the basic rules and principles of statistics and shows you how straightforward statistical tests can be performed and analysed in relation to healthcare. Key features of the text are: -Examples which show how statistics are used in the real world -Exercises to test your understanding and develop your proficiency -A glossary to remind you of key terms.-Additional online material including guides to using Microsoft Excel and SPSS and sample datasets.-- 
650 0 |a Medical statistics. 
650 1 2 |a Statistics as Topic 
650 2 2 |a Biometry 
650 2 2 |a Models, Statistical. 
650 4 |a Statistics as Topic 
650 4 |a Biometry 
650 4 |a Models, Statistical. 
650 7 |a Medical statistics. 
700 1 |a Mazhindu, Debbie, 
942 |c BK 
999 |c 55649  |d 55649 
952 |0 0  |1 0  |4 0  |6 519_502461000000000  |7 0  |9 62804  |a KUCL  |b KUCL  |d 2018-12-04  |g 87.00  |l 0  |o 519.502461  |p 46194  |r 2018-12-04  |w 2018-12-04  |y BK